| 000 | 01019nam a2200205Ia 4500 | ||
|---|---|---|---|
| 999 |
_c49440 _d49440 |
||
| 001 | 16363 | ||
| 003 | GE_BSU | ||
| 005 | 20250919194010.0 | ||
| 008 | 181216s2002||||ge |||||||||||||| ||geo|| | ||
| 040 | _cGE_BSU | ||
| 041 | _ageo | ||
| 080 | _a347(479.22)ს-32 | ||
| 245 |
_aსაქართველოს სამოქალაქო კოდექსის კომენტარი:5 წიგნად წ.1. _bწიგნი პირველი: სამოქალაქო კოდექსის ზოგადი ნაწილი / _c [სარედ. კოლ.: ლადო ჭანტურია (მთ. რედ.) და სხვ.] |
||
| 260 | _aთბილისი | ||
| 264 |
_aთბილისი : _bსამართალი, _c2002. |
||
| 300 |
_a344 გვ; _b20 სმ. |
||
| 653 | _aსამართალი | ||
| 653 | _aსაქართველოს სამოქალაქო კოდექსის კომენტარი. | ||
| 942 |
_cBK _2udc |
||